书目信息 |
| 题名: |
1:5百 1:1千 1:2千 地形图图式
|
|
| 作者: | ;国家测绘总局 制定 | |
| 分册: | ||
| 出版信息: | 北京 测绘出版社 1979 |
|
| 页数: | 104页 | |
| 开本: | 13cm | |
| 丛书名: | ||
| 单 册: | ||
| 中图分类: | P283.1 | |
| 科图分类: | ||
| 主题词: | 地形图--图式 | |
| 电子资源: | ||
| ISBN: | ||
| 000 | 00653nam0 2200229 45 | |
| 001 | 0179000099 | |
| 005 | 20061121170249.81 | |
| 010 | @b塑装@dCNY1.10 | |
| 091 | @aCN@b15039.新89 | |
| 100 | @a19950726d1979 em y0chiy0121 ea | |
| 101 | 0 | @achi |
| 102 | @aCN@b110000 | |
| 105 | @ay z 000yy | |
| 200 | 10 | @a1:5百 1:1千 1:2千 地形图图式@A1:5 bai 1:1 qian 1:2 qian di xing tu tu shi@f国家测绘总局制定 |
| 210 | @a北京@c测绘出版社@d1979 | |
| 215 | @a104页@d13cm | |
| 300 | @a国内发行 | |
| 606 | @a地形图@x图式 | |
| 690 | @aP283.1@v3 | |
| 711 | 02 | @a国家测绘总局@Aguo jia ce hui zong ju@4制定 |
| 801 | 0 | @aCN@bTSSF@c20061121 |
| 905 | @a10447@dP283.1@e43 | |
| 1:5百 1:1千 1:2千 地形图图式/国家测绘总局制定.-北京:测绘出版社,1979 |
| 104页;13cm |
| 国内发行 |
| ISBN (塑装):CNY1.10 |
| ● |
| 相关链接 |
|
|
|
|
正题名:1:5百 1:1千 1:2千 地形图图式
索取号:P283.1/43
 
预约/预借
| 序号 | 登录号 | 条形码 | 馆藏地/架位号 | 状态 | 备注 |
| 1 | 0220499 | 202099870 | 第二样本阅览室/ [索取号:P283.1/43] | 在馆 |